Geografía económica general /

Guardado en:
Autor Principal: Negro, Juana Inés
Formato: Libro
Publicado: Buenos Aires : Kapelusz, 1986
Edición:2a. ed.
Materias:
Etiquetas: Agregar Etiqueta
Sin Etiquetas, Sea el primero en etiquetar este registro!
LEADER 01081nam a22002895a 4500
001 CEM.cems004632
005 20060217000000.0
008 130507s1986##################000#0#####d
003 CEMS
082 0 4 |a 330.9 
100 1 |a Negro, Juana Inés 
245 1 0 |a Geografía económica general / 
250 |a 2a. ed. 
260 |a Buenos Aires :  |b Kapelusz,  |c 1986 
300 |a 380 p. 
505 0 |a Producción de uranio, centrles hidroelectricas y nucleares; Comercio interior y exterior, analísis 
653 |a Agricultura 
653 |a Demografia 
653 |a Economia mundial 
653 |a Energia 
653 |a Ganaderia 
859 |a CEMS  |b BIB. CEMS - 11 de abril  |h 330.9  |i N312a2/5  |p 14147.86  |t Ej.1 
859 |a CEMS  |b BIB. CEMS - 11 de abril  |h 330.9  |i N312a2/5  |p 14148.86  |t Ej.2 
859 |a CEMS  |b BIB. CEMS - 11 de abril  |h 330.9  |i N312a2/5  |p 14149.86  |t Ej.3 
859 |a CEMS  |b BIB. CEMS - 11 de abril  |h 330.9  |i N312a2/5  |p 15330.89  |t Ej.4 
859 |a CEMS  |b BIB. CEMS - 11 de abril  |h 330.9  |i N312a2/5  |p 15331.89  |t Ej.5 
859 |a CEMS  |b BIB. CEMS - 11 de abril  |h 330.9  |i N312a2/5  |p 15332.89  |t Ej.6